000 00622nam a2200229 a 4500
999 _c625
_d625
001 625
003 BD-JhCC
005 20171011123645.0
008 171008s20082010ii a|||| || | 000 0 eng d
020 _a9780521152136
035 _a(BD-JhCC)625
040 _aBD-JhCC
_dBD-JhCC
041 _aeng
082 _222
_a428.34
_bHAI 2010
100 _aHaines, Simon
245 _aReal 4 :
_bwriting with answers /
_cSimon Haines
260 _aNew Delhi :
_bCambridge University Press India Pvt. Ltd.,
_c2010.
300 _a112 p. :
_biil. ;
_c26 cm.
650 _aEnglish Language
_xwriting
942 _2ddc
_cBK